<?xml version="1.0" encoding="UTF-8"?>
<record
    xmlns:xsi="http://www.w3.org/2001/XMLSchema-instance"
    xsi:schemaLocation="http://www.loc.gov/MARC21/slim http://www.loc.gov/standards/marcxml/schema/MARC21slim.xsd"
    xmlns="http://www.loc.gov/MARC21/slim">

  <leader>01132nam a22001337a 4500</leader>
  <datafield tag="999" ind1=" " ind2=" ">
    <subfield code="c">533194</subfield>
    <subfield code="d">533194</subfield>
  </datafield>
  <controlfield tag="008">260429b           ||||| |||| 00| 0 eng d</controlfield>
  <datafield tag="100" ind1=" " ind2=" ">
    <subfield code="a"> Ratha, Keshab Chandra</subfield>
    <subfield code="9">60311</subfield>
  </datafield>
  <datafield tag="245" ind1=" " ind2=" ">
    <subfield code="a">Displacement without rehabilitation: Insights from upper Indravati project, Odisha</subfield>
  </datafield>
  <datafield tag="260" ind1=" " ind2=" ">
    <subfield code="a">Economic &amp; Political Weekly  </subfield>
  </datafield>
  <datafield tag="300" ind1=" " ind2=" ">
    <subfield code="a">61(11), Mar 14, 2026: p.14-17</subfield>
  </datafield>
  <datafield tag="520" ind1=" " ind2=" ">
    <subfield code="a">Displacement disproportionately affects indigenous communities, with state claims of &#x201C;public purpose&#x201D; failing to provide adequate and unconditional resettlement. This leaves affected groups vulnerable, resulting in loss of livelihoods, cultural dislocation, and inadequate access to services, mainly impacting tribals due to insufficient compensation. The lack of enforceable legal guarantees turns rehabilitation into an act of state benevolence instead of an obligation, undermining social justice. A paradigm shift in development planning is called for to incorporate rights-based approaches.-Reproduced 

https://www.epw.in/journal/2026/11/commentary/displacement-without-rehabilitation.html
</subfield>
  </datafield>
  <datafield tag="773" ind1=" " ind2=" ">
    <subfield code="a">Economic &amp; Political Weekly  </subfield>
  </datafield>
  <datafield tag="942" ind1=" " ind2=" ">
    <subfield code="c">AR</subfield>
  </datafield>
  <datafield tag="952" ind1=" " ind2=" ">
    <subfield code="0">0</subfield>
    <subfield code="1">0</subfield>
    <subfield code="2">ddc</subfield>
    <subfield code="4">0</subfield>
    <subfield code="7">0</subfield>
    <subfield code="9">408365</subfield>
    <subfield code="a">IIPA</subfield>
    <subfield code="b">IIPA</subfield>
    <subfield code="d">2026-04-29</subfield>
    <subfield code="h">61(11), Mar 14, 2026: p.14-17</subfield>
    <subfield code="p">AR138705</subfield>
    <subfield code="r">2026-04-29</subfield>
    <subfield code="y">AR</subfield>
  </datafield>
</record>
